00807nam a2200193 a 450000100100000000500170001000800410002702000180006804000250008608200080011110000300011924500400014926000510018930000270024095201130026795201080038095201080048899900170059600003957820201002033629.0130708s2012 dr a 000 0 spa d a9789945475524 aDO-SdBNPbspacBNPHU axxx1 aFernández, Judit96574510aCaja de papel /cJudit Fernández. aSanto Domingo :bEdiciones Rumbo Norte,c2012. a45 p. :bil. ;c15 cm. 0010718DSaGRbGRcCTd2013-07-08iLF1l0oxxx p39578-30r2020-06-25te.3w2020-06-25yLFDSZNo se presta 0010718PDaPDbPDcCTd2013-07-08iLF1l0oxxx p39578-10r2020-06-25w2020-06-25yLFPDZNo se presta 0010718PDaPDbPDcCTd2013-07-08iLF1l0oxxx p39578-20r2020-06-25w2020-06-25yLFPDZNo se presta c39068d39068